000 00560nam a2200181Ia 4500
003 GCL
008 140319s9999 xx 000 0 ara d
040 _aGCL /
_cGCL
082 0 4 _a001.6404
_bم م
100 1 _aمصطفى العنان
245 1 0 _aالمكروكمبيوتر /
_cمصطفى العنان
260 _a[S.N] :
_bالهيئة المصرية العامة للكتاب
300 _a127 ص
490 _aالالف كتاب
_v0
650 0 4 _aالحاسبات الالكترونية
650 0 4 _aالمكروكمبيوتر
942 _2ddc
_cBK
999 _c29184
_d29184